000 00291nam a22001337a 4500
008 181221b xxu||||| |||| 00| 0 eng d
020 _a91088
041 _aeng
080 _a316
100 _a50
101 _aSOC
245 _aA Sociology of Sociology
_cFriedrichs, R.W
942 _2udc
_cBK
999 _c53663
_d53663